| 000 | 00522nam a22001697a 4500 | ||
|---|---|---|---|
| 005 | 20251108164132.0 | ||
| 008 | 250721s1989 xx 000 0 ara d | ||
| 082 | 1 | 4 | _a301.155/سمي |
| 100 | 1 | _aسميث، بيرى . م | |
| 245 | 1 | 0 |
_aتولي المسؤولية : _bدليل عملي للقادة / |
| 264 | 1 |
_aعمان : _bمركز الكتب الأردني، _c1989. |
|
| 300 | _a280ص. | ||
| 650 | 1 | 7 | _aالقيادة |
| 700 | 1 |
_aعثمان، عبد القادر _eترجمة |
|
| 942 |
_2ddc _cBK |
||
| 999 |
_c4510 _d4510 |
||